000 00645nam a2200241Ia 4500
003 IT-RoPAU
008 120407s9999 xx 000 0 und d
040 _aIT-RoPAU
040 _cIT-RoPAU
041 _afra
100 _aClemente Alessandrino
100 _csan
245 _a"Le Pedagogue. Testo greco francese"
250 _aParis
260 _aDu Cerf
260 _c1960
300 _c19,5 cm
490 _aSources C.
490 _v3
600 _a"t. 1° Livre I° 295 p. (Sources C., 70) t. 2° Livre II° 243 p. (Sources C., 108) t. 3° Livre III° 241 p. (Sources C., 158)"
942 _cBK
999 _c18403
_d18403